000 00648nam a22001937a 4500
999 _c181697
_d181697
005 20221018100121.0
010 _aB-745988
020 _a9789386062178
_c475.00
035 _aB-745988
037 _bSage
082 _a320.6
100 _aSapru, Radhakrishnan
245 _aPublic policy:
_ba contemporary perspectives /
_cby Radhakrishnan Sapru
260 _aNew Delhi
_bSage Publications
_c2017
270 _aB1/I-1, Mohan Cooperative Industrial Area, Mathura Road
_bNew Delhi
_e110044
300 _axviii,357p.
_c24cm(pbk)
942 _2ddc
_cEN
_mSAP
_h320.6